Hidráulica General : Fundamentos

Bibliographic Details
Main Author: Sótelo, Gilberto
Format: Section = Libro
Language:Undetermined
Spanish
Published: México Limusa 2011
Subjects:
LEADER 00605nam a2200229Ia 4500
008 240830s9999 xx 000 0 und d
020 |a 978-968-18-0503-6 
040 |a B-ESTELÍ- RUACS / 532 S717 
041 |a spa 
082 |a 532 S717 
100 1 |a Sótelo, Gilberto 
245 1 0 |a Hidráulica General : Fundamentos 
260 |a México  |b Limusa  |c 2011 
300 |a 561 p. :il 
650 7 |a INGENIERÍA HIDRAULICA FLUIDOS 
650 7 |b  HIDROSTATICA 
650 7 |c  CINEMATICA LIQUIDOS 
650 7 |d  VERTEDEROS 
650 7 |e  ECUACIONES HIDRAULICA 
942 |c BK  |2 ddc 
991 |a TEXTO 
999 |c 11034